Представление документа в формате MARC21

Поле Инд. ПП Название Значение
Тип записи a
Библиографический уровень m
001 Контрольный номер b784a56ad1864ffaafec086ee9b09beb
005 Дата корректировки 20241007161125.1
020 c Цена, тираж б. ц.
040 a Служба первич. каталог. DE
b Код языка каталог. rus
e Правила каталог. PSBO
041 0_ a Код языка текста rus
080 a Индекс УДК 681.586
084 a Индекс другой классификации/Индекс ББК 32.96-04
090 x Авторский знак С29
097 b Оператор 02
100 1_ a Автор Селиванов И. А.
245 10 a Заглавие Применение датчиков мобильных устройств для обработки информации о состоянии окружающей среды
h Физич. носитель только электронный вариант
b Продолж. заглавия дисс. на соиск. степени магистра техн. наук : 1-40 80 05
c Ответственность науч. рук. П. Ю. Бранцевич
260 a Место издания Минск
b Издательство БГУИР
c Дата издания 2015
510 0_ a Примечание о ссылках Диссертации и авторефераты диссертаций
650 04 a Основная рубрика 50.09 Элементы, узлы и устройства автоматики и вычислительной техники
653 0_ a Ключевые слова датчики; мобильные устройства; обработка информации; окружающая среда
901 t Тип документа d